Dane, účtovníctvo vzory a prípady

Uložené v:
Podrobná bibliografia
Médium: Seriál
Jazyk:Slovak
Vydavateľské údaje: Žilina Poradca 2010
Predmet:
Tagy: Pridať tag
Žiadne tagy, Buďte prvý, kto otaguje tento záznam!

MARC

LEADER 00000nas2a2200000 4500
001 0181491
005 20140213145432.9
022 |a 1335-9630 
041 0 |a slo 
044 |a SK 
245 1 0 |a Dane, účtovníctvo  |b vzory a prípady 
264 1 |a Žilina  |b Poradca  |c 2010 
773 0 |w eu_un_cat*0004293 
610 2 0 |a dane 
610 2 0 |a účtovníctvo